Ateez songs by the picture - Statistics

General Stats
  • This quiz has been taken 627 times
  • The average score is 11 of 16
Answer Stats
Picture Answer % Correct
Halazia
91%
The Real
88%
Pirate King
85%
Guerilla
80%
Say My Name
77%
Inception
75%
Wave
75%
Hala Hala
71%
Deja Vu
68%
Eternal Sunshine
63%
I'm The One (Fireworks)
60%
Wonderland
55%
THANXX
52%
Answer
49%
Illusion
43%
Celebrate
41%
No matching quizzes found
Score Distribution
Percent of People with Each Score
Percentile by Number Answered
Your Score History
You have not taken this quiz